00601nam a2200169 i 4500001000700000003000900007005001700016008004100033040002000074100004300094245007000137250005700207260005100264300003100315650002200346852006300368166272ES-MaACL20250802062538.0050913s1774 ne | |||||||| ||fre d aCAM bspa cCAM1 aThomas, Antoine Léonard, d1732-178510aOeuvres de M. Thomas de l'Académie Françoise b: tome second. aNouvelle édition revue, corrigée et augmentée. aA Amsterdam : bchez E. van Harrevelt, c1774. a[4], 310, [2] p. ; c12º. 7aLiteratura2embne aES-MaACLjR-987-90 z-- Enc. pasta x-- Olim: G-9494-7